000 00535nam a2200217Ia 4500
003 OSt
005 20220924132133.0
006 a|||||r|||| 00| 0
007 ta
008 220923b |||||||| |||| 00| 0 san d
024 _a26066
037 _cTextual
040 _aARTS
_cARTS
_bsan
041 _2san
_asan
082 _aQ2:4x1:1:2, 15G5
245 0 _aManusmriti with the comm of Kullu ka bhatta
260 _c1935
650 _aRELIGION
942 _hQ2:4x1:1:2, 15G5
_cTEXL
_2CC
999 _c429429
_d429429